[Event "Hastings International Chess Congress"]
[Site "?"]
[Date "2012.12.29"]
[Round "2.5"]
[White "Duff, Rufus"]
[Black "Kwiatkowski, Feliks J"]
[Result "1-0"]
[WhiteElo "2114"]
[BlackElo "2232"]
[PlyCount "64"]
[EventDate "2012.??.??"]
[TimeControl "6600+1000"]
[WhiteClock "0:40:32"]
[BlackClock "0:12:02"]

1. e4 c5 2. Nf3 Nc6 3. d4 cxd4 4. Nxd4 Nf6 5. Nc3 e5 6. Ndb5 d6 7. Bg5 a6 8.
Na3 b5 9. Bxf6 gxf6 10. Nd5 f5 11. c3 Bg7 12. Bd3 Be6 13. Qh5 O-O 14. exf5 Bxd5
15. f6 e4 16. fxg7 Re8 17. Be2 Re5 18. Qh6 Qg5 19. Qxg5 Rxg5 20. Nc2 Rxg2 21.
Ne3 Rg5 22. h4 Re5 23. a4 Rb8 24. axb5 axb5 25. Ra6 Ne7 26. Rxd6 Kxg7 27. Rg1+
Kh8 28. Bxb5 Be6 29. Bc4 Nf5 30. Nxf5 Bxc4 31. Rc6 Rxf5 32. Rxc4 Ra5 1-0

[Event "Hastings International Chess Congress"]
[Site "?"]
[Date "2012.12.29"]
[Round "2.6"]
[White "Talsma, Paul"]
[Black "Lenier, Jude A"]
[Result "1/2-1/2"]
[WhiteElo "2229"]
[BlackElo "2069"]
[PlyCount "82"]
[EventDate "2012.??.??"]
[TimeControl "6600+1980"]
[WhiteClock "0:03:11"]
[BlackClock "0:01:43"]

1. d4 Nf6 2. c4 g6 3. Nc3 Bg7 4. e4 d6 5. Bg5 h6 6. Be3 Ng4 7. Bc1 e5 8. d5 f5
9. exf5 gxf5 10. Nge2 h5 11. h3 Nf6 12. g3 Na6 13. Be3 Qe7 14. Qc2 Bd7 15. Bg2
Nb4 16. Qd2 a5 17. a3 Na6 18. b4 axb4 19. axb4 O-O 20. Rb1 h4 21. O-O hxg3 22.
fxg3 b6 23. Rb2 Rae8 24. Ra1 Bc8 25. Rba2 Nxb4 26. Ra4 f4 27. gxf4 exf4 28.
Bxf4 Na6 29. Rxa6 Bxa6 30. Rxa6 Nh5 31. Bg5 Qf7 32. Nd1 Qf5 33. Be3 Be5 34. Ra3
Re7 35. Bd4 Rg7 36. Qe1 Rxg2+ 37. Kxg2 Qe4+ 38. Kg1 Bxd4+ 39. Kh2 Be5+ 40. Kg1
Bd4+ 41. Kh2 Be5+ 1/2-1/2

[Event "Hastings International Chess Congress"]
[Site "?"]
[Date "2012.12.29"]
[Round "2.7"]
[White "Murphy, Conor E"]
[Black "Sreeves, Clement"]
[Result "0-1"]
[WhiteElo "1956"]
[BlackElo "2223"]
[PlyCount "92"]
[EventDate "2012.??.??"]
[TimeControl "6600+775"]
[WhiteClock "0:34:17"]
[BlackClock "0:19:45"]

1. Nf3 g6 2. g3 Bg7 3. c4 c5 4. Bg2 Nc6 5. O-O e6 6. Nc3 Nge7 7. d3 O-O 8. Bg5
h6 9. Bd2 b6 10. Rb1 Bb7 11. Qc1 g5 12. a3 Ng6 13. b4 cxb4 14. axb4 f5 15. Nb5
Rb8 16. Qa3 f4 17. Nd6 Ba8 18. b5 Nce7 19. e4 g4 20. Ne1 Bd4 21. Nc2 Bc5 22.
Bb4 Qc7 23. d4 Bxb4 24. Qxb4 Nc8 25. e5 Bxg2 26. Kxg2 Nxd6 27. exd6 Qd8 28. Qd2
Qg5 29. Qd3 Rf5 30. Rbe1 Qh5 31. h4 f3+ 32. Kh2 Nxh4 33. Rh1 Ng2+ 34. Kg1 Nxe1
35. Nxe1 Qg5 36. Qc3 Rc8 37. Rh4 h5 38. Nd3 Rxb5 39. Nf4 Qh6 40. Qd3 Rf5 41. d5
Rxf4 42. gxf4 Rf8 43. Qc2 Rf5 44. Rh1 Qf6 45. Qd3 Qa1+ 46. Kh2 g3+ 0-1

[Event "Hastings International Chess Congress"]
[Site "?"]
[Date "2012.12.29"]
[Round "2.8"]
[White "Melekhina, Alisa"]
[Black "Tarhon, Brian"]
[Result "1-0"]
[WhiteElo "2221"]
[BlackElo "1844"]
[PlyCount "93"]
[EventDate "2012.??.??"]
[TimeControl "6600+1240"]
[WhiteClock "0:36:17"]
[BlackClock "0:54:51"]

1. e4 c5 2. Nf3 e6 3. c3 Nf6 4. e5 Nd5 5. d4 cxd4 6. cxd4 d6 7. Bc4 Nc6 8. O-O
Be7 9. Qe2 O-O 10. Nc3 Nxc3 11. bxc3 dxe5 12. dxe5 Qc7 13. Qe4 b6 14. Bd3 g6
15. Re1 Bb7 16. Qg4 Rfd8 17. Bc2 Rd5 18. Bg5 Bxg5 19. Qxg5 Qe7 20. Qf4 Rc8 21.
Re3 Na5 22. Ng5 h6 23. Ne4 Kg7 24. Nd6 Rf8 25. Be4 g5 26. Qf6+ Qxf6 27. exf6+
Kxf6 28. Nxb7 Nxb7 29. Bxd5 exd5 30. Rd1 Rd8 31. Rh3 Kg6 32. Rhd3 Rc8 33. Rxd5
Rxc3 34. Rd7 Na5 35. Rxa7 Rc2 36. h3 Rc6 37. Ra6 f6 38. Rb1 Nc4 39. Rc1 Kf5 40.
Ra4 Nb2 41. Ra5+ bxa5 42. Rxc6 a4 43. Rc2 Nd1 44. Rc4 Nb2 45. Rb4 a3 46. Rb3
Nc4 47. Rc3 1-0

[Event "Hastings International Chess Congress"]
[Site "?"]
[Date "2012.12.29"]
[Round "2.9"]
[White "Clayton, Tristan"]
[Black "Jaunooby, Ali R"]
[Result "0-1"]
[WhiteElo "1830"]
[BlackElo "2178"]
[PlyCount "94"]
[EventDate "2012.??.??"]
[TimeControl "6600+1020"]
[WhiteClock "0:18:42"]
[BlackClock "1:14:59"]

1. e4 g6 2. d4 c5 3. Nf3 cxd4 4. Nxd4 Bg7 5. Nc3 Nc6 6. Be3 Nf6 7. Be2 O-O 8.
Qd2 d5 9. Nxc6 bxc6 10. exd5 cxd5 11. O-O e5 12. Bc5 Re8 13. f3 Bb7 14. Bb5 Qc7
15. Bf2 Rec8 16. Rac1 Qa5 17. Bd3 d4 18. Ne4 Qxa2 19. Nd6 Rc7 20. Nxb7 Rxb7 21.
b3 Qa3 22. Rfe1 Qd6 23. Bg3 Re8 24. Ra1 Nd5 25. Ra6 Qb4 26. Qe2 Bh6 27. Rea1
Be3+ 28. Kh1 Qe7 29. Be4 Nc3 30. Qd3 Rc7 31. R6a5 f6 32. Be1 f5 33. Bxc3 fxe4
34. Qxe4 Rxc3 35. Rxa7 Rc7 36. Qd5+ Qf7 37. Qb5 Rec8 38. Rxc7 Qxc7 39. Qd5+ Kf8
40. Ra6 Rd8 41. Qe6 d3 42. Qf6+ Kg8 43. Qe6+ Qf7 44. cxd3 Qxe6 45. Rxe6 Rxd3
46. g3 Bd4 47. b4 Rxf3 0-1

[Event "Hastings International Chess Congress"]
[Site "?"]
[Date "2012.12.29"]
[Round "2.10"]
[White "Gibbs, Daniel C"]
[Black "Burnett, Jim"]
[Result "0-1"]
[WhiteElo "1795"]
[BlackElo "2172"]
[PlyCount "68"]
[EventDate "2012.??.??"]
[TimeControl "6600+1145"]
[WhiteClock "0:02:45"]
[BlackClock "0:54:58"]

1. d4 d5 2. c4 e6 3. Nc3 c6 4. Nf3 dxc4 5. a4 Bb4 6. e3 b5 7. Bd2 a5 8. axb5
Bxc3 9. Bxc3 cxb5 10. b3 Bb7 11. bxc4 b4 12. Bb2 Nf6 13. Bd3 Nbd7 14. O-O O-O
15. Nd2 e5 16. d5 Qb6 17. Bc2 Rfe8 18. Ba4 Re7 19. Nb3 Nc5 20. Nxc5 Qxc5 21.
Bb5 Nxd5 22. cxd5 Qxb5 23. e4 f6 24. f4 Ba6 25. Rf3 Bc8 26. d6 Rf7 27. fxe5 Bg4
28. e6 Bxe6 29. Rg3 a4 30. Qf3 Raf8 31. Rc1 Qb6+ 32. Kh1 a3 33. Bxa3 bxa3 34.
Qxa3 Rd7 0-1

[Event "Hastings Masters"]
[Site "Hastings, England"]
[Date "2012.12.29"]
[Round "2"]
[White "Steil-Antoni, Fiona"]
[Black "Flynn, David"]
[Result "1/2-1/2"]
[WhiteElo "2169"]
[BlackElo "1921"]
[PlyCount "105"]
[EventDate "2012.??.??"]

1. e4 e5 2. Nf3 Nc6 3. d4 exd4 4. Bc4 Nf6 5. O-O Bc5 6. e5 d5 7. exf6 dxc4 8.
fxg7 Rg8 9. Re1+ Be6 10. Ng5 Qd5 11. Nc3 Qf5 12. g4 Qg6 13. Nce4 Be7 14. f4
Bxg4 15. Qxg4 f5 16. Qh5 fxe4 17. Qxg6+ hxg6 18. Rxe4 O-O-O 19. Ne6 Rde8 20.
Bd2 Bf6 21. Rae1 Bxg7 22. Nxg7 Rxe4 23. Rxe4 Rxg7 24. c3 Rd7 25. Kf2 dxc3 26.
Bxc3 b5 27. Kg3 Re7 28. Rxe7 Nxe7 29. Kg4 Kd7 30. Kg5 Ke6 31. h4 Nf5 32. Bb4
Ne7 33. a3 a6 34. Bxe7 Kxe7 35. Kxg6 a5 36. h5 b4 37. axb4 axb4 38. h6 c3 39.
bxc3 b3 40. h7 b2 41. h8=Q b1=Q+ 42. Kg5 Qg1+ 43. Kf5 Qb1+ 44. Ke5 Qe1+ 45. Kd5
Qe6+ 46. Kd4 Qb6+ 47. Kd3 Qg6+ 48. Kd2 Qg2+ 49. Ke3 Qg3+ 50. Ke4 Qe1+ 51. Kd4
Qd2+ 52. Ke4 Qe2+ 53. Kd4 1/2-1/2

[Event "Hastings Masters"]
[Site "Hastings, England"]
[Date "2012.12.29"]
[Round "2"]
[White "Gunn, Michael J"]
[Black "Grant, Alan G"]
[Result "0-1"]
[WhiteElo "1772"]
[BlackElo "2165"]
[PlyCount "71"]
[EventDate "2012.??.??"]

1. c4 c5 2. Nc3 Nc6 3. Nf3 g6 4. d4 cxd4 5. Nxd4 Bg7 6. Nxc6 bxc6 7. g3 d6 8.
Bg2 Bd7 9. O-O Nf6 10. h3 O-O 11. Kh2 Rb8 12. e4 Be6 13. Qa4 Nd7 14. Ne2 Nb6
15. Qc2 Bxc4 16. Be3 c5 17. Rfd1 Bxe2 18. Qxe2 Na4 19. Qc2 Nxb2 20. Re1 Qa5 21.
Bd2 Qa4 22. Rac1 Qxa2 23. Bc3 Bxc3 24. Qxc3 Qb3 25. Qxb3 Rxb3 26. Ra1 Nd3 27.
Re2 Rfb8 28. Rxa7 Kf8 29. Rd2 Ne5 30. f4 Nc6 31. Ra4 Nd4 32. e5 Rb2 33. Ra2
Rxd2 34. Rxd2 dxe5 35. fxe5 Rb3 36. Rc2 0-1

[Event "Hastings Masters"]
[Site "Hastings, England"]
[Date "2012.12.29"]
[Round "2"]
[White "Anderson, John"]
[Black "Higgs, Joshua"]
[Result "1/2-1/2"]
[WhiteElo "2161"]
[BlackElo "1792"]
[PlyCount "85"]
[EventDate "2012.??.??"]

1. e4 e5 2. Nf3 Nc6 3. Bb5 a6 4. Bxc6 dxc6 5. O-O f6 6. d4 exd4 7. Nxd4 c5 8.
Nb3 Qxd1 9. Rxd1 Bd6 10. Na5 b5 11. Be3 Ne7 12. Nb3 c4 13. Nd4 Kf7 14. a4 Bb7
15. f3 Bc5 16. Nf5 Bxe3+ 17. Nxe3 Bc6 18. Nc3 Rhd8 19. Kf2 Rxd1 20. Rxd1 b4 21.
Ne2 Bxa4 22. Nxc4 Bxc2 23. Rc1 Ba4 24. Na5 c6 25. Rc4 Bb5 26. Rxb4 c5 27. Rb3
Rd8 28. Ke3 Nc6 29. Nxc6 Bxc6 30. Rb6 Bb5 31. Rb7+ Rd7 32. Rxd7+ Bxd7 33. h4
Bb5 34. Nf4 g6 35. g3 Bc4 36. g4 h6 37. Nh3 g5 38. h5 Ke6 39. Nf2 Ke5 40. Nd1
Be6 41. Nc3 Bb3 42. Ne2 Be6 43. Nc3 1/2-1/2

[Event "Hastings Masters"]
[Site "Hastings, England"]
[Date "2012.12.29"]
[Round "2"]
[White "Rumsey, Victor B"]
[Black "Macrae, James S"]
[Result "1-0"]
[WhiteElo "2138"]
[BlackElo "1717"]
[PlyCount "67"]
[EventDate "2012.??.??"]

1. d4 d5 2. c4 e6 3. Nf3 Nf6 4. g3 Be7 5. Bg2 O-O 6. O-O b6 7. Nc3 Bb7 8. cxd5
exd5 9. Bf4 Nh5 10. Qb3 a5 11. Rac1 Nxf4 12. gxf4 Na6 13. Rfd1 Rb8 14. a3 f6
15. e3 Qd7 16. h3 Kh8 17. Ne2 Ba8 18. Ng3 c6 19. Qd3 Bb7 20. Kh2 Nc7 21. h4 Ba6
22. Qc2 Bb7 23. Bh3 Qe8 24. Rg1 Rg8 25. h5 Qf7 26. Nh4 Ne6 27. Bf5 g6 28. hxg6
hxg6 29. Nxg6+ Rxg6 30. Bxg6 Qf8 31. Nf5 Ng7 32. Rg3 Nxf5 33. Qxf5 Kg7 34. Be8+
1-0

[Event "Hastings Masters"]
[Site "Hastings, England"]
[Date "2012.12.29"]
[Round "2"]
[White "Haria, Ravi"]
[Black "Pooley, Mark C"]
[Result "1-0"]
[WhiteElo "2032"]
[BlackElo "1693"]
[PlyCount "27"]
[EventDate "2012.??.??"]

1. e4 b6 2. d4 Bb7 3. Bd3 d6 4. Qe2 g6 5. Bf4 Bg7 6. Nf3 e6 7. O-O Nc6 8. c3
Nce7 9. Nbd2 Nf6 10. e5 Nd7 11. Ne4 d5 12. Neg5 c5 13. Nxf7 Qc8 14. Nd6+ 1-0

[Event "Hastings Masters"]
[Site "Hastings, England"]
[Date "2012.12.29"]
[Round "2"]
[White "Willson, Ollie"]
[Black "Spanton, Tim R"]
[Result "1/2-1/2"]
[WhiteElo "1650"]
[BlackElo "2020"]
[PlyCount "97"]
[EventDate "2012.??.??"]

1. c4 Nc6 2. Nc3 e5 3. Nf3 g6 4. g3 Bg7 5. Bg2 d6 6. O-O Be6 7. d3 f5 8. Bd2
Nf6 9. Rb1 O-O 10. b4 a6 11. Ng5 Bc8 12. b5 axb5 13. cxb5 Ne7 14. Qb3+ d5 15.
Na4 h6 16. Nf3 Nd7 17. Bb4 Kh7 18. Rfc1 e4 19. Ne1 Ne5 20. Nc3 c6 21. bxc6 bxc6
22. Na4 exd3 23. Nxd3 Nc4 24. Nac5 Rb8 25. Qc2 Qe8 26. a4 Ng8 27. a5 Nf6 28.
Na4 Rf7 29. Nab2 Ba6 30. Nxc4 Bxc4 31. Bc3 Rfb7 32. Rxb7 Rxb7 33. Nb4 c5 34.
Bxf6 Rxb4 35. Bxg7 Kxg7 36. e3 Qe5 37. a6 Rb3 38. Qd2 Rb2 39. Qe1 Ra2 40. Bf1
Bxf1 41. Kxf1 c4 42. Qb4 Rb2 43. Qa5 Rxf2+ 44. Kxf2 Qb2+ 45. Kf3 Qxc1 46. Qc7+
Kg8 47. Qd8+ Kg7 48. Qe7+ Kg8 49. Qe8+ 1/2-1/2

[Event "Hastings Masters"]
[Site "Hastings, England"]
[Date "2012.12.29"]
[Round "2"]
[White "Stonehouse, Tom H"]
[Black "Kent, Paul"]
[Result "1-0"]
[WhiteElo "1922"]
[BlackElo "1596"]
[PlyCount "39"]
[EventDate "2012.??.??"]

1. e4 c6 2. d4 d5 3. Nc3 dxe4 4. Nxe4 Nf6 5. Nxf6+ exf6 6. Bd3 Qxd4 7. Nf3 Qd6
8. O-O Be6 9. Be3 Nd7 10. Qe2 Be7 11. Rad1 Qc7 12. Nd4 O-O 13. Qh5 g6 14. Nxe6
fxe6 15. Bxg6 hxg6 16. Qxg6+ Kh8 17. Rd4 f5 18. Qh6+ Kg8 19. Qxe6+ Rf7 20. Rxd7
1-0

[Event "Hastings Masters"]
[Site "Hastings, England"]
[Date "2012.12.29"]
[Round "2"]
[White "Dennis, Nigel W"]
[Black "Shierlaw, Hamish"]
[Result "1-0"]
[WhiteElo "1904"]
[BlackElo "1582"]
[PlyCount "79"]
[EventDate "2012.??.??"]

1. e4 e5 2. Nf3 d6 3. d4 exd4 4. Nxd4 Nf6 5. Nc3 Be7 6. Be2 O-O 7. O-O Bd7 8.
Be3 Nc6 9. Nb3 a6 10. f4 Be6 11. Bf3 Qd7 12. Kh1 Bg4 13. Qe2 Bxf3 14. gxf3 Rfd8
15. Rad1 Qe8 16. Rg1 Bf8 17. Nd5 Nxd5 18. Rxd5 Kh8 19. Qg2 f6 20. Bd2 Qf7 21.
Bc3 Re8 22. Qh3 Qe6 23. Qh4 Qf7 24. Rh5 h6 25. f5 Kh7 26. Bd2 Ne5 27. Qh3 c5
28. Nc1 Rad8 29. Nd3 Nxd3 30. cxd3 Qxa2 31. Qg4 Qf7 32. Qh4 Qb3 33. Bc3 Re7 34.
Rxh6+ gxh6 35. Qxf6 Qg8 36. Rxg8 Kxg8 37. Qg6+ Rg7 38. Bxg7 Bxg7 39. f6 Rd7 40.
Qe8+ 1-0